Online Catalogue and eLibrary

Postfeminisms : (Record no. 13)

MARC details
000 -LEADER
fixed length control field 00657cam a2200229 a 4500
001 - CONTROL NUMBER
control field 692741
005 - DATE AND TIME OF LATEST TRANSACTION
control field 20231115012740.0
008 - FIXED-LENGTH DATA ELEMENTS--GENERAL INFORMATION
fixed length control field 961015s1997 enka b 001 0 eng
020 ## - INTERNATIONAL STANDARD BOOK NUMBER
ISBN 0415114748
020 ## - INTERNATIONAL STANDARD BOOK NUMBER
ISBN 0415114756 (paper)
040 ## - CATALOGING SOURCE (பட்டியலாக்க மூலம்)
Original cataloging agency DLC
Transcribing agency DLC
Modifying agency DLC
082 00 - DDC Classification
Class No. 305.42
DDC Edition Number 21
Item Number - Author Mark BRO
100 1# - MAIN ENTRY--PERSONAL NAME
Personal name Brooks, Ann,
245 10 - TITLE STATEMENT
Title Postfeminisms :
Remainder of title feminism, cultural theory, and cultural forms /
Statement of responsibility, etc. Ann Brooks.
260 ## - PUBLICATION, DISTRIBUTION, ETC.
Place of publication, distribution, etc. London ;
-- New York :
Name of publisher, distributor, etc. Routledge,
Date of publication, distribution, etc. 1997.
300 ## - PHYSICAL DESCRIPTION
Extent (e.g. Volumes, Pages etc.) 240 p. :
650 #0 - SUBJECT ADDED ENTRY--TOPICAL TERM
Topical term or geographic name entry element Feminist theory.
650 #0 - SUBJECT ADDED ENTRY--TOPICAL TERM
Topical term or geographic name entry element Culture.
650 #0 - SUBJECT ADDED ENTRY--TOPICAL TERM
Topical term or geographic name entry element Feminism
856 42 - ELECTRONIC LOCATION AND ACCESS
Uniform Resource Identifier <a href="http://www.loc.gov/catdir/enhancements/fy0648/96047498-d.html">http://www.loc.gov/catdir/enhancements/fy0648/96047498-d.html</a>
942 ## - Koha item type (Biblio)
Koha item type Books in Stacks (Lending)
Holdings
Lost status Damaged status Collection code Home library Current library Date acquired Full call number Accession Number Item type
    Lending WERC Library WERC Library 11/15/2023 305.42 BRO 2692 Books in Stacks (Lending)

© WERC Library